| 000 | 00393nam a2200181Ia 4500 | ||
|---|---|---|---|
| 005 | 20250603145908.0 | ||
| 008 | 250603s9999 xx 000 0 und d | ||
| 020 | _a9780435045715 | ||
| 050 | _aPR 9369.3 .H4 .L68/ | ||
| 100 | _aHead, Bessie | ||
| 245 | 4 | _aThe lovers | |
| 260 | _aLondon | ||
| 260 | _bHeinemann | ||
| 260 | _c2011 | ||
| 300 | _a169 p | ||
| 650 | _aLondon | ||
| 942 | _cBK | ||
| 999 |
_c43173 _d43173 |
||